山形市の地名 - Statistics

General Stats
  • This quiz has been taken 20 times
  • The average score is 31 of 536
Answer Stats
Answer % Correct
七日町一丁目
71%
七日町二丁目
71%
七日町三丁目
71%
七日町四丁目
71%
七日町五丁目
71%
あこや町一丁目
36%
あこや町二丁目
36%
あこや町三丁目
36%
十日町一丁目
36%
十日町二丁目
36%
十日町三丁目
36%
十日町四丁目
36%
南館一丁目
36%
南館二丁目
36%
南館三丁目
36%
南館四丁目
36%
南館五丁目
36%
大字南館
36%
五日町
29%
霞城町
29%
蔵王温泉
29%
鉄砲町一丁目
29%
鉄砲町二丁目
29%
鉄砲町三丁目
29%
旅篭町一丁目
29%
旅篭町二丁目
29%
旅篭町三丁目
29%
六日町
29%
青田一丁目
21%
青田二丁目
21%
青田三丁目
21%
青田四丁目
21%
青田五丁目
21%
あかねケ丘一丁目
21%
あかねケ丘二丁目
21%
あかねケ丘三丁目
21%
漆山
21%
落合町
21%
北町一丁目
21%
北町二丁目
21%
北町三丁目
21%
北町四丁目
21%
北山形一丁目
21%
北山形二丁目
21%
大野目一丁目
21%
大野目二丁目
21%
大野目三丁目
21%
大野目四丁目
21%
千歳一丁目
21%
千歳二丁目
21%
銅町一丁目
21%
銅町二丁目
21%
沼木
21%
東山形一丁目
21%
東山形二丁目
21%
船町
21%
本町一丁目
21%
本町二丁目
21%
松波一丁目
21%
松波二丁目
21%
松波三丁目
21%
松波四丁目
21%
松波五丁目
21%
緑町一丁目
21%
緑町二丁目
21%
緑町三丁目
21%
緑町四丁目
21%
みはらしの丘一丁目
21%
みはらしの丘二丁目
21%
みはらしの丘三丁目
21%
みはらしの丘四丁目
21%
みはらしの丘五丁目
21%
山寺
21%
八日町一丁目
21%
八日町二丁目
21%
あさひ町
14%
大手町
14%
表蔵王
14%
香澄町一丁目
14%
香澄町二丁目
14%
香澄町三丁目
14%
小白川町一丁目
14%
小白川町二丁目
14%
小白川町三丁目
14%
小白川町四丁目
14%
小白川町五丁目
14%
大字小白川町
14%
桜町
14%
嶋南一丁目
14%
嶋南二丁目
14%
嶋南三丁目
14%
嶋南四丁目
14%
城北町一丁目
14%
城北町二丁目
14%
樋越
14%
東原町一丁目
14%
東原町二丁目
14%
東原町三丁目
14%
東原町四丁目
14%
馬見ケ崎一丁目
14%
馬見ケ崎二丁目
14%
馬見ケ崎三丁目
14%
馬見ケ崎四丁目
14%
三日町一丁目
14%
三日町二丁目
14%
村木沢
14%
相生町
7%
あずま町
7%
飯田一丁目
7%
飯田二丁目
7%
飯田三丁目
7%
飯田四丁目
7%
飯田五丁目
7%
飯塚町
7%
円応寺町
7%
沖町
7%
柏倉
7%
片谷地
7%
上桜田一丁目
7%
上桜田二丁目
7%
上桜田三丁目
7%
上桜田四丁目
7%
上桜田五丁目
7%
大字上桜田
7%
蔵王上野
7%
蔵王成沢
7%
蔵王半郷
7%
7%
嶋北一丁目
7%
嶋北二丁目
7%
嶋北三丁目
7%
嶋北四丁目
7%
下条町一丁目
7%
下条町二丁目
7%
下条町三丁目
7%
下条町四丁目
7%
下条町五丁目
7%
釈迦堂
7%
城西町一丁目
7%
城西町二丁目
7%
城西町三丁目
7%
城西町四丁目
7%
城西町五丁目
7%
諏訪町一丁目
7%
諏訪町二丁目
7%
千代田
7%
西田一丁目
7%
西田二丁目
7%
西田三丁目
7%
西田四丁目
7%
西田五丁目
7%
西原一丁目
7%
西原二丁目
7%
長谷堂
7%
花岡
7%
深町一丁目
7%
深町二丁目
7%
深町三丁目
7%
双葉町一丁目
7%
双葉町二丁目
7%
松山一丁目
7%
松山二丁目
7%
松山三丁目
7%
南館西
7%
南原町一丁目
7%
南原町二丁目
7%
南原町三丁目
7%
薬師町一丁目
7%
薬師町二丁目
7%
流通センター一丁目
7%
流通センター二丁目
7%
流通センター三丁目
7%
流通センター四丁目
7%
若宮一丁目
7%
若宮二丁目
7%
若宮三丁目
7%
若宮四丁目
7%
大字若宮
7%
青田南
0%
青野
0%
青柳
0%
明石堂
0%
あけぼの一丁目
0%
あけぼの二丁目
0%
旭が丘
0%
阿弥陀
0%
荒楯町一丁目
0%
荒楯町二丁目
0%
飯沢
0%
飯田西一丁目
0%
飯田西二丁目
0%
飯田西三丁目
0%
飯田西四丁目
0%
飯田西五丁目
0%
飯塚口
0%
石関
0%
石寺
0%
五十鈴一丁目
0%
五十鈴二丁目
0%
五十鈴三丁目
0%
泉町
0%
今塚
0%
鋳物町
0%
岩波
0%
印役町一丁目
0%
印役町二丁目
0%
印役町三丁目
0%
印役町四丁目
0%
印役町五丁目
0%
内表
0%
内表東
0%
内城
0%
馬洗場
0%
梅野木前
0%
上江
0%
上町一丁目
0%
上町二丁目
0%
上町三丁目
0%
上町四丁目
0%
上町五丁目
0%
江俣一丁目
0%
江俣二丁目
0%
江俣三丁目
0%
江俣四丁目
0%
江俣五丁目
0%
追散
0%
大道端
0%
大森
0%
小立一丁目
0%
小立二丁目
0%
小立三丁目
0%
小立四丁目
0%
大字小立
0%
御手作
0%
替所
0%
篭田一丁目
0%
篭田二丁目
0%
篭田三丁目
0%
風間
0%
春日町
0%
金石田
0%
上椹沢
0%
上反田
0%
上東山
0%
上宝沢
0%
上柳
0%
上山家町
0%
神尾
0%
北江俣
0%
北志戸田
0%
北田
0%
木の実町
0%
木ノ目田
0%
行才
0%
京旦
0%
清住町一丁目
0%
清住町二丁目
0%
清住町三丁目
0%
切畑
0%
くぬぎざわ西
0%
久保田一丁目
0%
久保田二丁目
0%
久保田三丁目
0%
黒沢
0%
江南一丁目
0%
江南二丁目
0%
江南三丁目
0%
江南四丁目
0%
黄金
0%
小姓町
0%
寿町
0%
小荷駄町
0%
後明
0%
こも石
0%
才津
0%
幸町
0%
蔵王飯田
0%
蔵王桜田
0%
蔵王野際
0%
蔵王堀田
0%
蔵王松ヶ丘一丁目
0%
蔵王松ヶ丘二丁目
0%
大字蔵王松ケ丘
0%
蔵王南成沢
0%
蔵王美原
0%
蔵王山田
0%
早乙女
0%
境田町
0%
栄原
0%
肴町
0%
桜ケ丘
0%
佐倉宿
0%
桜田西一丁目
0%
桜田西二丁目
0%
桜田西三丁目
0%
桜田西四丁目
0%
桜田西五丁目
0%
桜田東一丁目
0%
桜田東二丁目
0%
桜田東三丁目
0%
桜田東四丁目
0%
桜田南
0%
三社
0%
志戸田
0%
渋江
0%
下椹沢
0%
下反田
0%
下田
0%
下東山
0%
下宝沢
0%
下柳
0%
下山家町
0%
十文字
0%
城南町一丁目
0%
城南町二丁目
0%
城南町三丁目
0%
常明寺
0%
白川
0%
城森
0%
新開一丁目
0%
新開二丁目
0%
新開三丁目
0%
陣場一丁目
0%
陣場二丁目
0%
陣場三丁目
0%
大字陣場
0%
陣場新田
0%
陣場南
0%
末広町
0%
菅原
0%
菅沢
0%
すげさわの丘
0%
鮨洗
0%
鈴川町一丁目
0%
鈴川町二丁目
0%
鈴川町三丁目
0%
鈴川町四丁目
0%
砂田
0%
砂塚
0%
関沢
0%
瀬波一丁目
0%
瀬波二丁目
0%
瀬波三丁目
0%
千石
0%
千手堂
0%
双月新町
0%
双月町一丁目
0%
双月町二丁目
0%
双月町三丁目
0%
双月町四丁目
0%
大字双月町
0%
反町
0%
大師堂
0%
大野目町
0%
高木
0%
高沢
0%
高田
0%
高堂一丁目
0%
高堂二丁目
0%
大字高堂
0%
高原町
0%
滝平
0%
立谷川一丁目
0%
立谷川二丁目
0%
立谷川三丁目
0%
伊達城一丁目
0%
伊達城二丁目
0%
伊達城三丁目
0%
立道
0%
田吹
0%
檀野前
0%
近田
0%
津金沢
0%
塚野目
0%
0%
土坂
0%
土樋
0%
土屋倉
0%
寺西
0%
天神台
0%
天神町
0%
藤治屋敷
0%
塔の前
0%
銅谷口
0%
富神台
0%
富神前
0%
富の中一丁目
0%
富の中二丁目
0%
富の中三丁目
0%
富の中四丁目
0%
百目鬼
0%
豊風
0%
豊原
0%
鳥居ケ丘
0%
中江
0%
長表
0%
中桜田一丁目
0%
中桜田二丁目
0%
中桜田三丁目
0%
大字中桜田
0%
中里
0%
中田
0%
長苗代
0%
中沼
0%
中野
0%
中野目
0%
長町一丁目
0%
長町二丁目
0%
長町三丁目
0%
長町四丁目
0%
大字長町
0%
中道
0%
中屋敷
0%
七浦
0%
七十刈
0%
並柳
0%
滑川
0%
成安
0%
成沢西一丁目
0%
成沢西二丁目
0%
成沢西三丁目
0%
成沢西四丁目
0%
成沢西五丁目
0%
南栄町一丁目
0%
南栄町二丁目
0%
南栄町三丁目
0%
二位田
0%
新山
0%
西江俣
0%
錦町
0%
西越
0%
西崎
0%
西中野
0%
西二位田
0%
西前明石
0%
西見田
0%
沼の辺町
0%
馬合
0%
灰塚
0%
白山一丁目
0%
白山二丁目
0%
白山三丁目
0%
羽黒堂
0%
八幡前
0%
八森
0%
服部
0%
花楯一丁目
0%
花楯二丁目
0%
浜崎
0%
東青田一丁目
0%
東青田二丁目
0%
東青田三丁目
0%
東青田四丁目
0%
東青田五丁目
0%
東篭野町
0%
東黒沢
0%
東志戸田
0%
東二位田
0%
東半郷
0%
東古館
0%
桧町一丁目
0%
桧町二丁目
0%
桧町三丁目
0%
桧町四丁目
0%
平久保
0%
平清水一丁目
0%
平清水二丁目
0%
大字平清水
0%
藤沢川
0%
舞台
0%
古館
0%
平田
0%
防原町
0%
穂積
0%
前明石
0%
前田町
0%
松栄一丁目
0%
松栄二丁目
0%
大字松栄
0%
松原
0%
松見町
0%
見崎
0%
見崎川原
0%
南石関
0%
南一番町
0%
南三番町
0%
南志戸田
0%
南反田
0%
南二番町
0%
南半郷
0%
南松原一丁目
0%
南松原二丁目
0%
南四番町
0%
みのりが丘
0%
美畑町
0%
宮浦
0%
宮町一丁目
0%
宮町二丁目
0%
宮町三丁目
0%
宮町四丁目
0%
宮町五丁目
0%
妙見寺
0%
明神前
0%
向新田
0%
元木一丁目
0%
元木二丁目
0%
元木三丁目
0%
本屋敷
0%
門前
0%
門伝
0%
谷柏
0%
谷地前
0%
八つ口
0%
柳田
0%
やよい一丁目
0%
やよい二丁目
0%
山家本町一丁目
0%
山家本町二丁目
0%
山家町一丁目
0%
山家町二丁目
0%
横井
0%
横道
0%
芳沢
0%
芳野
0%
吉野宿
0%
吉原一丁目
0%
吉原二丁目
0%
吉原三丁目
0%
大字吉原
0%
吉原南
0%
若木
0%
若葉町
0%
和合町一丁目
0%
和合町二丁目
0%
和合町三丁目
0%
割田
0%
No matching quizzes found
Score Distribution
Percent of People with Each Score
Percentile by Number Answered
Your Score History
You have not taken this quiz